Practical problems in organizations cases in leadership, organizational : Behavior and human resources

Bibliographic Details
Main Author: Clawson, James G
Format: Book

MARC

LEADER 00000cam a2200000 7i4500
001 0000012334
005 20050509.0
020 |a 0130083895 
040 |a INS 
090 0 0 |a HD57.7   |b C546 2002 
100 1 |a Clawson, James G 
245 1 0 |a Practical problems in organizations cases in leadership, organizational :   |b Behavior and human resources   |c James G Clawson 
999 |a 0000013374   |b BOOK   |c Open Shelf   |e Default branch